Managing a risky business (Record no. 63886)

MARC details
000 -LEADER
fixed length control field 00879cam a2200205 4500
001 - CONTROL NUMBER
control field ABS62436
008 - FIXED-LENGTH DATA ELEMENTS--GENERAL INFORMATION
fixed length control field 000000n2000 000 0 eng u
035 ## - SYSTEM CONTROL NUMBER
System control number (Sirsi) u106741
100 ## - MAIN ENTRY--PERSONAL NAME
Personal name Chapman, R.
245 ## - TITLE STATEMENT
Title Managing a risky business
260 ## - PUBLICATION, DISTRIBUTION, ETC.
Date of publication, distribution, etc. 2000
490 ## - SERIES STATEMENT
Series statement Property Week
Volume/sequential designation 65(24) 16 June 2000, 74-75(2)
520 ## - SUMMARY, ETC.
Summary, etc. Advocates the importance of risk management to a company's success. Considers the Turnbull Report which explains what is expected of boards of directors and how far property companies are tackling the issues. Flow chart and definition of terms. Tabulates suggested effective risk management strategies for property companies.
590 ## - LOCAL NOTE (RLIN)
Local note ABS
650 ## - SUBJECT ADDED ENTRY--TOPICAL TERM
Topical term or geographic name entry element RISK MANAGEMENT
650 ## - SUBJECT ADDED ENTRY--TOPICAL TERM
Topical term or geographic name entry element INTERNAL CONTROL: GUIDANCE FOR DIRECTORS ON THE COMBINED CODE
650 ## - SUBJECT ADDED ENTRY--TOPICAL TERM
Topical term or geographic name entry element DIRECTORS
690 ## - LOCAL SUBJECT ADDED ENTRY--TOPICAL TERM (OCLC, RLIN)
Topical term or geographic name as entry element MANAGEMENT-BUSINESS MANAGEMENT
942 ## - ADDED ENTRY ELEMENTS (KOHA)
Suppress in OPAC 0
Holdings
Withdrawn status Lost status Source of classification or shelving scheme Damaged status Not for loan Home library Current library Shelving location Date acquired Total Checkouts Full call number Barcode Date last seen Copy number Price effective from Koha item type
    Dewey Decimal Classification     London London Books 11/07/2000   ABS62436 106741-1001 06/08/2019 1 06/08/2019 Book